Quizzes
Events
Quiz Creation
Community
Videos
Private Events
Remove Ads
Sign In
Join for FREE
Feedback
Dark Mode
Quiz Categories
Sports
Geography
Music
Movies
Television
Just For Fun
Miscellaneous
History
Literature
Language
Science
Gaming
Entertainment
Religion
Holiday
For Kids
Quiz Lab
Recent
Popular Today
Quiz Kudos Today
Editor Picks
Curator Picks
Quizzes by...
Day
Popularity
Type
Ratings
Length
Year
Community
Subscriptions
Recent Discussions
Orange Saloon
Badges
Playlists
Quests
Create
Leaderboards
Showdown
Live 5
Trivia Bingo
Activity
Puzzle Library
Sporcle Events
Private Events
Virtual Trivia
Globe League
Become a Host
Pub Owners
SporcleCon
Opinionation
Our Games
Videos
Blog
Mobile Apps
Partnerships
Remove Ads and Go Orange
Feedback
Literature
Harry Potter
A Song of Ice and Fire
The Hunger Games
Literary Character
Shakespeare
Book
Author
Novel
Poem
Young Adult
Children's Books
Play
Lord of the Rings
Literature
Harry Potter
A Song of Ice and Fire
The Hunger Games
Literary Character
Shakespeare
Book
Author
Novel
Poem
Young Adult
Children's Books
Play
Lord of the Rings
Random Quiz
Search Sporcle
×
Quiz Lab
Quiz Lab
Literature
Poetry
Type in answers that appear in a list
Type in answers that appear in a list
Classic
Best Score? Go Orange.
The Chambered Nautilus Stats
Do you know the words of 'The Chambered Nautilus' by Oliver Wendell Holmes?
By
SeaFever
20m
245 Questions
15 Plays
15 Plays
15 Plays
Comments
Comments
Give Quiz Kudos
Give Quiz Kudos
-
- Ratings
hide this ad
Replay
Link that replays current quiz
Next Quiz
Link to next quiz in quiz playlist
You Got
0%
They Got
Avg Score
42%
Avg Friend Score
Upgrade to see
Score Distribution
Jump to the score distribution portion of the page
Score
0/245
Timer
20:00
0
Plays Today
Answer
% Correct
the
100%
the
100%
the
100%
the
100%
the
100%
the
100%
the
100%
the
100%
the
100%
the
100%
the
100%
the
100%
the
100%
the
100%
the
100%
the
100%
the
100%
the
100%
And
93.3%
And
93.3%
and
93.3%
is
80%
is
80%
is
80%
to
73.3%
to
73.3%
of
66.7%
their
66.7%
of
66.7%
of
66.7%
As
66.7%
as
66.7%
of
66.7%
of
66.7%
As
66.7%
This
60%
that
60%
On
60%
In
60%
no
60%
more
60%
life
60%
his
60%
That
60%
his
60%
He
60%
for
60%
in
60%
his
60%
no
60%
more.
60%
for
60%
ever
60%
on
60%
it
60%
that
60%
more
60%
more
60%
ship
53.3%
which,
53.3%
its
53.3%
where
53.3%
Where
53.3%
Its
53.3%
ship
53.3%
Where
53.3%
its
53.3%
Before
53.3%
Its
53.3%
its
53.3%
its
53.3%
its
53.3%
by
53.3%
sea,
53.3%
from
53.3%
From
53.3%
thy
53.3%
from
53.3%
my
53.3%
thy
53.3%
from
53.3%
by
53.3%
Answer
% Correct
sea!
53.3%
pearl,
46.7%
Sails
46.7%
with
46.7%
cold
46.7%
sun
46.7%
Wrecked
46.7%
pearl!
46.7%
every
46.7%
was
46.7%
shell,
46.7%
thee
46.7%
left
46.7%
with
46.7%
knew
46.7%
thee,
46.7%
thee
46.7%
Let
46.7%
thee
46.7%
with
46.7%
thou
46.7%
at
46.7%
shell
46.7%
life's
46.7%
poets
40%
feign,
40%
main, -
40%
streaming
40%
hair.
40%
living
40%
after
40%
new,
40%
up
40%
old
40%
her
40%
Than
40%
thought
40%
soul,
40%
Leave
40%
each
40%
new
40%
than
40%
last,
40%
Leaving
40%
summer
33.3%
purpled
33.3%
wings
33.3%
Siren
33.3%
rise
33.3%
unfurl;
33.3%
dreaming
33.3%
wont
33.3%
door,
33.3%
home,
33.3%
brought
33.3%
Child
33.3%
wandering
33.3%
a
33.3%
Triton
33.3%
horn!
33.3%
hear
33.3%
a
33.3%
Shut
33.3%
heaven
33.3%
a
33.3%
dome
33.3%
free,
33.3%
thine
33.3%
outgrown
33.3%
unshadowed
26.7%
venturous
26.7%
bark
26.7%
flings
26.7%
sweet
26.7%
sings,
26.7%
coral
26.7%
reefs
26.7%
lie
26.7%
bare,
26.7%
sea-maids
26.7%
cell,
26.7%
dwell,
26.7%
Answer
% Correct
Year
26.7%
year
26.7%
grew,
26.7%
year's
26.7%
through,
26.7%
Thanks
26.7%
message
26.7%
lips
26.7%
blew
26.7%
wreathèd
26.7%
mine
26.7%
Through
26.7%
voice
26.7%
sings: -
26.7%
Build
26.7%
stately
26.7%
mansions,
26.7%
swift
26.7%
seasons
26.7%
roll!
26.7%
temple,
26.7%
nobler
26.7%
vast,
26.7%
Till
26.7%
length
26.7%
art
26.7%
unresting
26.7%
gulfs
20%
enchanted,
20%
webs
20%
gauze
20%
dim
20%
lies
20%
revealed, -
20%
ceiling
20%
sunless
20%
unsealed!
20%
beheld
20%
silent
20%
toil
20%
spread
20%
coil;
20%
spiral
20%
past
20%
shining
20%
Built
20%
heavenly
20%
Cast
20%
dead
20%
born
20%
While
20%
ear
20%
rings,
20%
deep
20%
I
20%
low-vaulted
20%
past!
20%
chamvered
13.3%
growing
13.3%
irised
13.3%
rent,
13.3%
crypt
13.3%
lustrous
13.3%
Still,
13.3%
dwelling
13.3%
soft
13.3%
step
13.3%
archway
13.3%
idle
13.3%
Stretched
13.3%
last-found
13.3%
lap,
13.3%
forlorn!
13.3%
clearer
13.3%
note
13.3%
caves
13.3%
frail
6.7%
tenant
6.7%
shaped
6.7%
Stole
0%
O
0%
Quiz Playlist
Details
Report
Send in Message
Add To Playlist
Classic:
Type in answers that appear in a list
Quiz Source
Last Updated: Feb 16, 2017
Quiz Scoreboard
CHALLENGE
Sign Up to Join the Scoreboard
Show All
Scores
Hide
Comments
May contain spoilers
Recently Published
Presidents Visiting Landmarks
by Hejman
History
7m
An Introduction to Baseball
by treessimontrees
Sports
5m
Movies - When Are They Set?
by FPL_Elf
Movies
5m
More to Explore
Quiz From the Vault
Featured Blog Post
Where Did the Easter Bunny Come From?
hide this ad
You Might Also Like...
Tags
Figure Out the Lyrics
ocean
Poetry
Sea Creatures
Today's Top Quizzes in Literature
Browse Literature
hide this ad
Today's Top Quizzes in Poetry
Browse Poetry
Top Contributed Quizzes in Literature
1
Sneaky Slytherin Logic Puzzle
2
Get The Picture: Black or White Literature
3
A Court of Thorns and Roses (ACoTaR) Logic Puzzle
4
5-to-1: Plays
5
One Thing in Common: Literature
6
One Thing in Common: Literature 3
7
One Thing in Common: Literature II
8
Harry Potter Neighbourly Logic Puzzle #5
9
One Thing in Common: Books
10
Harry Potter Neighbourly Logic Puzzle #6
Explore More
Trending Topics
NBA
Disney
Harry Potter
Kpop
Marvel
Anime
Crossword
WWE
Soccer
Song
Puzzle
Country
The Office
Pokémon
NFL
hide this ad
More By:
SeaFever
Quiz
Plays
Rating
Category
Featured
Created
Arnold's 'Dover Beach'
655
5.00
Literature
May 16, 2014
'The Carnival is Over' Lyrics
87
5.00
Music
Sep 19, 2014
Waiting for the Barbarians
78
4.00
Literature
Sep 19, 2014
Sweet Gene Vincent
52
5.00
Music
May 7, 2014
Susie Asado
18
Literature
Jul 19, 2015
Go to Creator's Profile
Score Distribution
Quiz Creator Spotlight
SeaFever
Follow
Send a Message
Quizzes Created
-
Created Quiz Play Count
-
More By This Creator
Popular Quizzes Today
1
Find the US States - No Outlines Minefield
2
Find the Countries of Europe - No Outlines Minefield
3
The Countries of the World
4
Find the US States
5
Popular People in 1961
6
US States
7
Risky Map Clicking: Biggest States A-Z
8
Movies - When Are They Set?
More Literature Quizzes
Care of Magical Creatures Trivia
Quiz Lab
Trending Quizzes
Risky Map Clicking: Least Populous States A-Z
1-10 Letter G Words
1-10 Letter F Words
Risky Map Clicking: Next State Alphabetically
Risky Map Clicking: Biggest States A-Z
Recently Updated
Leaping Animals
pecheneg
Reality TV Shows (A-Z)
bhenderson79
Rickey Henderson's Hall of Fame Teammates
pecheneg
Champions League XIs: Arsenal
pecheneg
Quick Pick: Celebrities in WWE's Hall of Fame
aduchscher
A-Z Keypad Blitz II
pecheneg
Multiple Oscar Actors
pecheneg
Mystery Phrase Blitz: Oscar 'Best Actors'
pecheneg
F. Scott Fitzgerald Novels
LTH
Pick 3 Villains
ddd62291
Trending Topics
Kpop
Crossword
Marvel
Anime
NBA
Harry Potter
Disney
NFL
The Office
WWE
Puzzle
Country
Soccer
Song
Pokémon
Your Account Isn't Verified!
In order to create a playlist on Sporcle, you need to verify the email address you used during registration. Go to your
Sporcle Settings
to finish the process.
Report this User
Report this user for behavior that violates our
Community Guidelines
.
Details:
Send Report
Go to the Sporcle.com Mobile Site →
Comments